Kashmir The War Of Narrratives: (Record no. 183758)

MARC details
000 -LEADER
fixed length control field 00564nam a22001817a 4500
005 - DATE AND TIME OF LATEST TRANSACTION
control field 20220104105201.0
010 ## - LCCN (DPL NO)
LC control number ENG-130893
020 ## - INTERNATIONAL STANDARD BOOK NUMBER
International Standard Book Number 978-93-90961-19-1
Terms of availability 495.00
035 ## - SYSTEM CONTROL NUMBER
System control number EN-114425
037 ## - SOURCE OF ACQUISITION
Source of stock number/acquisition DBAD
082 ## - DEWEY DECIMAL CLASSIFICATION NUMBER
Classification number 363.32509546
100 ## - MAIN ENTRY--PERSONAL NAME
Personal name Assad, Bashir
245 ## - TITLE STATEMENT
Title Kashmir The War Of Narrratives:
Statement of responsibility, etc Bashir Assad
260 ## - PUBLICATION, DISTRIBUTION, ETC. (IMPRINT)
Place of publication, distribution, etc New Delhi
Name of publisher, distributor, etc Renu Kaul Verma
Date of publication, distribution, etc 2021
270 ## - ADDRESS
City New Delhi
Postal code 110002
Address 2/15, Ansari Road, Daryaganj
Electronic mail address info@vitastapublishing.com
300 ## - PHYSICAL DESCRIPTION
Extent xi, 236p
Dimensions 21cm(pbk)
942 ## - ADDED ENTRY ELEMENTS (KOHA)
Source of classification or shelving scheme Dewey Decimal Classification
Item type English Books
Classification part 363.32509546
Call number suffix ASS
Holdings
Withdrawn status Lost status Not for loan Collection code Home library Current library Date acquired Source of acquisition Cost, normal purchase price Full call number Barcode Copy number Cost, replacement price Koha item type
      Non-fiction Mobile Library Mobile Library 04/01/2022 DBAD/PUB 495.00 363.32509546 ASS EN-114425 1 495.00 English Books

© Delhi Public Library
Hit Counter
free hit counter